LEADER 01133nam a2200229 i 4500 001 000000022942 003 CaOOAMICUS 005 20241031112952.0 008 180830s1955 it u000 u ita u 040 $aSeMil$bita 100 1 $aViolante, Cinzio,$d<1921-2001>.$0(OLS)http://semarc/name/4712 245 13$aLa Pataria milanese e la riforma ecclesiastica. 1, Le premesse (1045-1057) /$cdi Cinzio Violante. 264 1$aRoma :$bNella sede dell'Istituto,$c1955. 300 $aX, 221 p., 2 carte di tav. :$bill. ;$c25 cm 490 1 $aStudi storici / Istituto storico italiano per il Medio Evo ;$v11-13 650 4$aPataria.$0(OLS)http://semarc/subject/11335 830 0$aStudi storici / Istituto storico italiano per il Medio Evo ;$v11-13.$0(OLS)http://semarc/title/419635 850 $aSeMil 852 $aSeMil$W1$xVenegono$y1$m3F IV 56$j251988$B251538$CSeMilBibl$Z2$F251538 $81 996 $6245$aLa Pataria milanese e la riforma ecclesiastica. 1, Le premesse (1045-1057)$9(OLS)http://semarc/title/30740 996 $6264$aRoma :$bNella sede dell'Istituto$9(OLS)http://semarc/publisher/58640 LEADER 01349nam a2200289 i 4500 001 000000195168 003 CaOOAMICUS 005 20240409141709.0 008 101202s1805 it u000 u ita u 013 $a173834 026 $ao.e- mona zoa, fate (3) 1805 (A) 040 $aSeMil$bita 100 0 $aPius VII,$c.$0(OLS)http://semarc/name/12745 245 10$aVera e distinta relazione fatta dal Papa Pio 7. ai cardinali in Roma delle cose da lui operate nel suo viaggio in Francia. 264 1$aMilano :$bDalla stamperia e fonderia di G.G. Destefanis, a san Zeno n. 534,$c1805. 300 $a15, [1] p. ;$c8°. 500 $aFregio xilogr. sul front. 500 $aIl v. dell'ultima p. è bianco 700 1 $aDestefanis, Giovanni Giuseppe,$c.$0(OLS)http://semarc/name/2918 773 0 $t[Miscellanea.$w()24050 850 $aSeMil 852 $aSeMil$W1$xVenegono$y1$m5A I 3/3 FA$j145737$B145737$CSeMilBibl$Z2$F157297 $8I 900 0 $aPio VII$c. 996 $6245$aVera e distinta relazione fatta dal Papa Pio 7. ai cardinali in Roma delle cose da lui operate nel suo viaggio in Francia$9(OLS)http://semarc/title/281506 996 $6264$aMilano :$bDalla stamperia e fonderia di G.G. Destefanis, a san Zeno n. 534$9(OLS)http://semarc/publisher/50707